书目信息 |
| 题名: |
放射化学
|
|
| 作者: | 张寿华 , 强亦忠 主编 | |
| 分册: | ||
| 出版信息: | 北京 原子能出版社 1983 |
|
| 页数: | 351页 | |
| 开本: | 19cm | |
| 丛书名: | ||
| 单 册: | ||
| 中图分类: | O615 | |
| 科图分类: | ||
| 主题词: | 放射化学--高等学校--教材 | |
| 电子资源: | ||
| ISBN: | ||
| 000 | 00679nam0 2200253 45 | |
| 001 | 0183012291 | |
| 005 | 20060817170637.98 | |
| 010 | @dCNY1.15 | |
| 091 | @a15175.479 | |
| 100 | @a19950222d1983 em y0chiy0121 ea | |
| 101 | 0 | @achi |
| 102 | @aCN@b110000 | |
| 105 | @ay z 000yy | |
| 200 | 10 | @a放射化学@Afang she hua xue@f张寿华, 强亦忠主编 |
| 210 | @a北京@c原子能出版社@d1983 | |
| 215 | @a351页@d19cm | |
| 300 | @a高等学校试用教材 | |
| 606 | @a放射化学@x高等学校@x教材 | |
| 690 | @aO615@v3 | |
| 701 | 0 | @a张寿华@Azhang shou hua@4主编 |
| 701 | 0 | @a强亦忠@Aqiang yi zhong@4主编 |
| 801 | 0 | @aCN@bTSSF@c20060817 |
| 801 | 2 | @aCN@bNLC@c20060801 |
| 905 | @a10447@dO615@e9 | |
| 放射化学/张寿华, 强亦忠主编.-北京:原子能出版社,1983 |
| 351页;19cm |
| 高等学校试用教材 |
| ISBN :CNY1.15 |
| ● |
| 相关链接 |
|
|
|
|
正题名:放射化学
索取号:O615/9
 
预约/预借
| 序号 | 登录号 | 条形码 | 馆藏地/架位号 | 状态 | 备注 |
| 1 | 0434363 | 204343638 | 密集书库/ [索取号:O615/9] | 在馆 | |
| 2 | 0468500 | 204685000 | 密集书库/ [索取号:O615/9] | 在馆 |